| 000 | 02157nam a2200433 a 4500 | ||
|---|---|---|---|
| 001 | dia_496 | ||
| 003 | CHAP | ||
| 005 | 20251016124149.0 | ||
| 007 | ta | ||
| 008 | 220117s1991 mx abdefrm 001 0 spa d | ||
| 010 | _a171048 | ||
| 040 |
_cCHAP _amxchpua _erda |
||
| 041 | 0 |
_aspa _bspa |
|
| 090 |
_aTesis _bF56 _c1992 |
||
| 100 | 1 | _aFlores Gómez, Carlos Mario | |
| 245 | 1 | 0 |
_aEstudio técnico y financiero para la instalación de un tren de morteo de café en Ocosingo, Chiapas / _cCarlos Mario Flores Gómez y Jorge Luis Hernández Moreno |
| 264 |
_aChapingo, México : _bEl autor, _c1991 |
||
| 300 |
_a106 hojas : _bilustraciones, mapas, gráficas, diagramas, tablas, planos |
||
| 336 |
_2rdacontent _atexto _btxt |
||
| 337 |
_2rdamedia _ano mediado _bn |
||
| 338 |
_2rdacarrier _avolumen _bnc |
||
| 500 | _aLos planos están incluidos en el reporte. | ||
| 502 |
_aTesis _b(Ingeniero Agroindustrial) -- _cUACh. Departamento de Ingeniería Agroindustrial, _d1991 ; |
||
| 502 |
_b(Ingeniero Agrónomo Especialista en Economía Agrícola) -- _cUACh. Departamento de Economía Agrícola, _d1991 |
||
| 504 | _aBibliografía: hojas 92-93 | ||
| 505 | 0 | _a4 planos: -- 1. Plano de distribución de área (Esc. 1:50) -- 2. Plano de distribución de equipo (1:25) -- 3. Bases para tren de morteo -- 4. Diagrama de flujo del beneficio seco industrial ARIC-OCOSINGO | |
| 520 | 3 | _aSe realizó un estudio sobre los requerimientos técnicos, costos de reinstalación y la puesta en marcha de un tren de morteo procedente del benefico seco "Tacana" para la organización ARIC-Unión de Uniones de Ocosingo, Chiapas. | |
| 650 | 1 | 3 |
_aSemillas de café _xEquipo de procesamiento _2atg |
| 650 | 1 | 3 |
_aCoffee beans _xProcessing equipment _2atg |
| 700 | 1 |
_aHernández Moreno, Jorge Luis _eautor |
|
| 700 | 1 |
_aOrtiz Persichino, Carlos _easesor |
|
| 700 | 1 |
_aSantoyo Cortés, Vinicio Horacio _easesor |
|
| 700 | 1 |
_aMuñante Pérez, Domingo Marcelo _easesor |
|
| 901 | _aTESIS F56 1991 | ||
| 902 | _aM | ||
| 905 | _a0000001991 mx 0000000000spa00 | ||
| 942 |
_cTESIS _2Clasificación Universidad Autónoma Chapingo |
||
| 999 |
_c171048 _d171048 |
||